Normal view
MARC view
Entry Personal Name
001 - CONTROL NUMBER
- control field: 4792
003 - CONTROL NUMBER IDENTIFIER
- control field: OSt
005 - DATE AND TIME OF LATEST TRANSACTION
- control field: 20150521144856.0
008 - FIXED-LENGTH DATA ELEMENTS
- fixed length control field: 150521|| aca||aabn | a|a d
040 ## - CATALOGING SOURCE
- Original cataloging agency: OSt
- Transcribing agency: OSt
100 ## - HEADING--PERSONAL NAME
- Personal name: Zolberg, Aristide R.
670 ## - SOURCE DATA FOUND
- Source citation: Work cat.: (OSt)1821: Zolberg, Aristide R., Escape from violence :, 1989.
